<?xml version="1.0" encoding="UTF-8"?>
<record
    xmlns:xsi="http://www.w3.org/2001/XMLSchema-instance"
    xsi:schemaLocation="http://www.loc.gov/MARC21/slim http://www.loc.gov/standards/marcxml/schema/MARC21slim.xsd"
    xmlns="http://www.loc.gov/MARC21/slim">

  <leader>01284nam a2200289   4500</leader>
  <controlfield tag="001">114566</controlfield>
  <controlfield tag="003">DR-UNIBE</controlfield>
  <controlfield tag="005">20260410092153.0</controlfield>
  <controlfield tag="008">260410b        dr ||||| |||| 00| 1 spa d</controlfield>
  <datafield tag="040" ind1=" " ind2=" ">
    <subfield code="a">BIBLIOTECA UNIBE</subfield>
    <subfield code="b">spa</subfield>
    <subfield code="c">BIBLIOTECA UNIBE</subfield>
    <subfield code="e">RDA</subfield>
  </datafield>
  <datafield tag="041" ind1=" " ind2=" ">
    <subfield code="a">spa</subfield>
  </datafield>
  <datafield tag="090" ind1=" " ind2=" ">
    <subfield code="a">FBIU-K CI R621u</subfield>
  </datafield>
  <datafield tag="100" ind1="1" ind2="0">
    <subfield code="a">Rivera, Rosanna</subfield>
    <subfield code="9">199828</subfield>
    <subfield code="e">autor</subfield>
  </datafield>
  <datafield tag="245" ind1="1" ind2="3">
    <subfield code="a">Un gatito en la ciudad colonia /</subfield>
    <subfield code="c">Rosanna Rivera; ilustraciones: Mois&#xE9;s Feliz ; asesor&#xED;a: Mar&#xED;a Teresa Ruiz de Catrain ; dise&#xF1;o y diagramaci&#xF3;n: Mar&#xED;a Rosa Baquero ; fotograf&#xED;a del autor y del gato: Luis Alberto Carbuccia ; supervisi&#xF3;n de impresi&#xF3;n: Luis Vidal</subfield>
  </datafield>
  <datafield tag="260" ind1=" " ind2=" ">
    <subfield code="a">Santo Domingo:</subfield>
    <subfield code="b">KahKow, </subfield>
    <subfield code="c">[Fecha no identificada]</subfield>
  </datafield>
  <datafield tag="300" ind1=" " ind2=" ">
    <subfield code="a">31 p&#xE1;ginas:</subfield>
    <subfield code="b">dibujos a color </subfield>
    <subfield code="c">27 x 23 cm</subfield>
  </datafield>
  <datafield tag="500" ind1=" " ind2=" ">
    <subfield code="a">Comentario del autor al final de la obra</subfield>
  </datafield>
  <datafield tag="653" ind1="0" ind2="7">
    <subfield code="a">Cuentos infantiles dominicanos</subfield>
  </datafield>
  <datafield tag="653" ind1="0" ind2="7">
    <subfield code="a">Literatura infantil dominicana</subfield>
  </datafield>
  <datafield tag="653" ind1="0" ind2="7">
    <subfield code="a">Gatos - Cuentos infantiles dominicanos</subfield>
  </datafield>
  <datafield tag="700" ind1="1" ind2="0">
    <subfield code="a">Feliz, Mois&#xE9;s</subfield>
    <subfield code="9">204162</subfield>
    <subfield code="e">ilustrador</subfield>
  </datafield>
  <datafield tag="700" ind1="1" ind2="0">
    <subfield code="a">Ruiz de Catrain, Mar&#xED;a Teresa</subfield>
    <subfield code="9">47660</subfield>
    <subfield code="e">asesor</subfield>
  </datafield>
  <datafield tag="700" ind1="1" ind2="0">
    <subfield code="a">Baquero, Mar&#xED;a Rosa</subfield>
    <subfield code="9">185144</subfield>
    <subfield code="e">dise&#xF1;ador</subfield>
    <subfield code="e">diagramador</subfield>
  </datafield>
  <datafield tag="700" ind1="1" ind2="0">
    <subfield code="a">Carbuccia, Luis Alberto</subfield>
    <subfield code="9">204163</subfield>
    <subfield code="e">fot&#xF3;grafo</subfield>
  </datafield>
  <datafield tag="700" ind1="1" ind2="0">
    <subfield code="a">Vidal, Luis</subfield>
    <subfield code="9">204164</subfield>
    <subfield code="e">supervisor de impresi&#xF3;n</subfield>
  </datafield>
  <datafield tag="942" ind1=" " ind2=" ">
    <subfield code="2">ddc</subfield>
    <subfield code="c">BK</subfield>
  </datafield>
  <datafield tag="999" ind1=" " ind2=" ">
    <subfield code="c">114566</subfield>
    <subfield code="d">114566</subfield>
  </datafield>
  <datafield tag="952" ind1=" " ind2=" ">
    <subfield code="0">0</subfield>
    <subfield code="1">0</subfield>
    <subfield code="2">ddc</subfield>
    <subfield code="7">1</subfield>
    <subfield code="8">FBIU</subfield>
    <subfield code="a">Principal</subfield>
    <subfield code="d">2026-02-11</subfield>
    <subfield code="l">0</subfield>
    <subfield code="o">FBIU-K CI R621u</subfield>
    <subfield code="p">FBIU0930</subfield>
    <subfield code="r">2026-04-10 08:49:11</subfield>
    <subfield code="t">Ej. 1</subfield>
    <subfield code="w">2026-04-10</subfield>
    <subfield code="y">BK-RES</subfield>
  </datafield>
</record>
